| 000 | 01147nam a22002177a 4500 | ||
|---|---|---|---|
| 999 |
_c64098 _d64098 |
||
| 003 | Ge_BSU | ||
| 005 | 20260330173626.0 | ||
| 008 | 260330s2024 ge ||||| |||| 00| 0 geo d | ||
| 020 | _a9789941870354 | ||
| 041 | _ageo | ||
| 080 | _a342.565.2(479.22) ს-19 | ||
| 245 |
_aსაკონსტიტუციო სამართალწარმოება / _cავტორები:დ. გეგენავა, ა. დემეტრაშვილი, ზ. ზანგურაშვილი [და სხვ.] |
||
| 264 |
_aთბილისი : _bსულხან-საბა ორბელიანის უნივერსიტეტის გამომცემლობა, _c2024. |
||
| 300 |
_a468 გვ.; _b24 სმ. |
||
| 504 | _aბიბლიოგრ.: გვ.421-463 | ||
| 653 | _aსამართალი | ||
| 700 |
_aგეგენავა, დ. _eავტორი _99360 |
||
| 700 |
_aდემეტრაშვილი,ა. _eავტორი _927244 |
||
| 700 |
_aზანგურაშვილი, ზ. და სხვ. _eავტორი _927245 |
||
| 942 |
_2udc _cᲬᲘᲒᲜᲘ |
||